00261nam a2200085Ia 4500008004100000041000800041100002000049245006900069260003700138241105s9999 xx 000 0 und d aeng aBhandari Nikita aInstitute Of Hotel Management And Catering Panchgani Maharashtra bFinal Year B.Arch ID, Punec2014